Научно-технический прогресс. Экономика и управление

Dades bibliogràfiques
Altres autors: Марчук Г. И. Гурий Иванович (редактор), Аганбегян А. Г. Абел Гезевич, Яковец Ю. В. Юрий Владимирович, Зайцев Б. Ф., Яковец Ю. В.
Sumari:Исключено из фонда НТБ ТПУ
Idioma:rus
Publicat: Москва, Экономика, 1988
Format: MixedMaterials Llibre
KOHA link:https://koha.lib.tpu.ru/cgi-bin/koha/opac-detail.pl?biblionumber=263709

MARC

LEADER 00000nam0a2200000 4500
001 263709
005 20231031222514.0
010 |a 5282002574 
020 |a RU  |b 88-73329 
035 |a (RuTPU)RU\TPU\book\286698 
090 |a 263709 
100 |a 20140610d1988 k y0rusy5003 ca 
101 0 |a rus 
102 |a RU 
105 |a y z 000zy 
200 1 |a Научно-технический прогресс. Экономика и управление  |f Г. И. Марчук [и др.]  |g под ред. Ю. В. Яковца 
210 |a Москва  |c Экономика  |d 1988 
215 |a 221 с. 
333 |a Исключено из фонда НТБ ТПУ 
701 1 |a Марчук  |b Г. И.  |g Гурий Иванович 
701 1 |a Аганбегян  |b А. Г.  |g Абел Гезевич 
701 1 |a Яковец  |b Ю. В.  |g Юрий Владимирович 
701 1 |a Зайцев  |b Б. Ф. 
702 1 |a Яковец  |b Ю. В.  |4 340 
801 0 |a RU  |b RuMRKP  |c 19950417  |g psbo 
801 1 |a RU  |b 63413507  |c 20140610 
801 2 |a RU  |b 63413507  |c 20220314  |g RCR 
942 |c BK